Dans quel jeu vidéo peut-on jouer à ce mini-jeu? - Statistiques

Statistiques générales
  • Ce quiz a été pris 21 fois
  • Le résultat moyen est 6 sur 22
Statistiques - réponses
Mini-jeu Univers de jeu vidéo % Correct
Tape, tape Topi Taupe Mario Party
80%
Bataille de Bob-Omb Mario Kart
65%
Voltorbataille Pokémon
50%
Jinx répare tout League of Legends
45%
Squid Jump Splatoon
45%
Dead Ops Arcade Call of Duty
40%
Triple Triad Final Fantasy
35%
Gwynt The Witcher
35%
Bowling Teigneux The Legend of Zelda
30%
Pip Boy Fallout
25%
Egg in Space Sonic The Hedgehog
25%
Orlog Assassin's Creed
20%
Trio de Mii Wii Party
20%
Shoot them up Galaga Tekken
15%
Bingogo Animal Crossing
10%
Fall Ball Fall Guys
10%
Jack gelé The Elder Scrolls
10%
Virtua Fighter 5 Yakuza
10%
Bird's-eye Bull's eye Wii Fit Plus
5%
Override Mass Effect
0%
Mercenaries Resident Evil
0%
Insurance Fraud Saint's Row
0%
Aucun quiz correspondant
Distribution des résultats
% des personnes avec chaque résultat
Percentile par nombre de réponses
Votre historique - résultats
Vous n’avez pas pris ce quiz